[Event "Deutsche Ländermeisterschaft 2017"]
[Site "Hannover GER"]
[Date "2017.10.03"]
[Round "6"]
[White "Krause, Benedict"]
[Black "Ruff, Maximilian"]
[Result "1/2-1/2"]
[Termination "normal"]
[Board "1.1"]
[WhiteTitle "FM"]
[BlackTitle "FM"]
[WhiteElo "2438"]
[BlackElo "2315"]
[WhiteClock "00:15:11"]
[BlackClock "00:11:23"]
[WhiteTeam "Schleswig-Holstein"]
[BlackTeam "Baden 1"]
[PlyCount "119"]
[WhiteFideId "12917990"]
[BlackFideId "1271670"]
[EventCountry "GER"]
[EventRounds "7"]
[EventType "team-swiss"]
[EventDate "2017.09.29"]

1. e4 {[%clk 1:30:57]} c5 {[%clk 1:30:49]} 2. Nf3 {[%clk 1:31:23]} e6 {[%clk
1:31:12]} 3. d4 {[%clk 1:31:49]} cxd4 {[%clk 1:31:37]} 4. Nxd4 {[%clk 1:32:15]}
a6 {[%clk 1:31:55]} 5. c4 {[%clk 1:32:41]} Nf6 {[%clk 1:32:19]} 6. Nc3 {[%clk
1:33:06]} Bb4 {[%clk 1:32:09]} 7. Qd3 {[%clk 1:32:55]} Nc6 {[%clk 1:32:11]} 8.
Nxc6 {[%clk 1:32:35]} dxc6 {[%clk 1:32:34]} 9. Qxd8+ {[%clk 1:33:01]} Kxd8
{[%clk 1:32:58]} 10. e5 {[%clk 1:33:20]} Nd7 {[%clk 1:33:02]} 11. Bf4 {[%clk
1:33:40]} f5 {[%clk 1:33:17]} 12. O-O-O {[%clk 1:31:08]} Bc5 {[%clk 1:32:21]}
13. Rd2 {[%clk 1:24:19]} Kc7 {[%clk 1:31:53]} 14. a3 {[%clk 1:17:16]} b5 {[%clk
1:28:22]} 15. h4 {[%clk 1:00:02]} b4 {[%clk 1:14:37]} 16. Na4 {[%clk 0:58:16]}
Be7 {[%clk 1:10:48]} 17. axb4 {[%clk 0:57:17]} Bxb4 {[%clk 1:10:58]} 18. Rd3
{[%clk 0:57:05]} Nc5 {[%clk 1:05:08]} 19. Nxc5 {[%clk 0:54:45]} Bxc5 {[%clk
1:05:34]} 20. Be3 {[%clk 0:54:03]} Bxe3+ {[%clk 1:04:54]} 21. Rxe3 {[%clk
0:51:37]} c5 {[%clk 0:59:39]} 22. Rd3 {[%clk 0:48:16]} Rd8 {[%clk 0:51:14]} 23.
Rxd8 {[%clk 0:44:25]} Kxd8 {[%clk 0:51:42]} 24. Rh3 {[%clk 0:44:27]} Ra7 {[%clk
0:51:15]} 25. Rb3 {[%clk 0:42:35]} Rd7 {[%clk 0:26:01]} 26. h5 {[%clk 0:33:09]}
Kc7 {[%clk 0:24:16]} 27. h6 {[%clk 0:24:54]} g6 {[%clk 0:19:08]} 28. Rd3 {[%clk
0:24:29]} Bb7 {[%clk 0:16:09]} 29. Kd2 {[%clk 0:22:00]} Be4 {[%clk 0:15:39]}
30. Rxd7+ {[%clk 0:21:50]} Kxd7 31. Ke3 {[%clk 0:20:24]} Bc6 {[%clk 0:12:45]}
32. Kf4 {[%clk 0:19:59]} Ke7 {[%clk 0:12:57]} 33. Bd3 {[%clk 0:16:32]} Kf7
{[%clk 0:08:02]} 34. g3 {[%clk 0:12:25]} Ba4 {[%clk 0:07:33]} 35. Kg5 {[%clk
0:09:43]} Bd1 {[%clk 0:06:59]} 36. Bf1 {[%clk 0:08:11]} Bf3 {[%clk 0:06:43]}
37. Kf4 {[%clk 0:08:21]} Bc6 {[%clk 0:03:42]} 38. Be2 {[%clk 0:08:23]} Ba4
{[%clk 0:02:49]} 39. g4 {[%clk 0:07:21]} Bc2 {[%clk 0:02:32]} 40. f3 {[%clk
0:02:12]} Bb1 {[%clk 0:01:30]} 41. Bd1 {[%clk 0:27:51]} Bd3 {[%clk 0:25:38]}
42. b3 {[%clk 0:24:58]} fxg4 {[%clk 0:10:33]} 43. fxg4 {[%clk 0:21:34]} a5
{[%clk 0:09:50]} 44. Ke3 {[%clk 0:20:06]} Bb1 {[%clk 0:10:14]} 45. g5 {[%clk
0:19:55]} Bf5 {[%clk 0:10:08]} 46. Kd2 {[%clk 0:19:44]} Be4 {[%clk 0:10:24]}
47. Kc3 {[%clk 0:13:25]} Kf8 {[%clk 0:09:43]} 48. Kb2 {[%clk 0:13:17]} Kf7
{[%clk 0:09:46]} 49. Ka3 {[%clk 0:13:41]} Bc6 {[%clk 0:10:11]} 50. Bc2 {[%clk
0:14:05]} Kf8 {[%clk 0:10:08]} 51. Bd1 {[%clk 0:12:08]} Kf7 {[%clk 0:10:22]}
52. Bg4 {[%clk 0:12:32]} Ke7 {[%clk 0:10:32]} 53. Kb2 {[%clk 0:12:26]} Be4
{[%clk 0:10:31]} 54. Kc3 {[%clk 0:12:48]} Kf7 {[%clk 0:10:31]} 55. Be2 {[%clk
0:13:10]} Kf8 {[%clk 0:10:29]} 56. Bd1 {[%clk 0:13:35]} Kf7 {[%clk 0:10:38]}
57. Bc2 {[%clk 0:13:53]} Bxc2 {[%clk 0:10:33]} 58. Kxc2 {[%clk 0:14:19]} Ke7
{[%clk 0:10:57]} 59. Kb2 {[%clk 0:14:47]} Kd7 {[%clk 0:11:23]} 60. Ka3 {[%clk
0:15:11]} 1/2-1/2

[Event "Deutsche Ländermeisterschaft 2017"]
[Site "Hannover GER"]
[Date "2017.10.03"]
[Round "6"]
[White "Heinemann, Josefine"]
[Black "Parvanyan, Ashot"]
[Result "1/2-1/2"]
[Termination "normal"]
[Board "1.2"]
[WhiteTitle "WIM"]
[BlackTitle "FM"]
[WhiteElo "2292"]
[BlackElo "2374"]
[WhiteClock "00:28:10"]
[BlackClock "00:01:48"]
[WhiteTeam "Baden 1"]
[BlackTeam "Schleswig-Holstein"]
[PlyCount "143"]
[WhiteFideId "12900460"]
[BlackFideId "13307550"]
[EventCountry "GER"]
[EventRounds "7"]
[EventType "team-swiss"]
[EventDate "2017.09.29"]

1. e4 {[%clk 1:30:58]} e6 {[%clk 1:29:23]} 2. d4 {[%clk 1:31:23]} d5 {[%clk
1:25:45]} 3. Nd2 {[%clk 1:30:22]} c5 {[%clk 1:24:16]} 4. Ngf3 {[%clk 1:30:40]}
cxd4 {[%clk 1:24:34]} 5. exd5 Qxd5 {[%clk 1:24:57]} 6. Bc4 {[%clk 1:31:21]} Qd6
{[%clk 1:25:07]} 7. O-O {[%clk 1:31:38]} Nf6 {[%clk 1:25:34]} 8. Nb3 {[%clk
1:31:26]} Nc6 {[%clk 1:25:59]} 9. Nbxd4 {[%clk 1:31:44]} Nxd4 10. Nxd4 {[%clk
1:32:10]} a6 {[%clk 1:26:35]} 11. Re1 {[%clk 1:31:47]} Qc7 {[%clk 1:26:56]} 12.
Bb3 {[%clk 1:31:36]} Bd7 {[%clk 1:27:06]} 13. Be3 {[%clk 1:23:47]} O-O-O {[%clk
1:24:45]} 14. Qe2 {[%clk 1:22:59]} Bd6 {[%clk 1:19:38]} 15. h3 {[%clk 1:21:12]}
Kb8 {[%clk 1:06:00]} 16. c4 {[%clk 1:18:06]} Bc5 {[%clk 0:33:14]} 17. Nf3
{[%clk 1:13:25]} Bc8 {[%clk 0:26:15]} 18. Bxc5 {[%clk 1:09:09]} Qxc5 {[%clk
0:26:44]} 19. Bc2 {[%clk 1:08:10]} Nd7 {[%clk 0:24:21]} 20. a3 {[%clk 1:04:31]}
Qc7 {[%clk 0:17:15]} 21. b4 {[%clk 1:04:00]} f6 {[%clk 0:15:53]} 22. c5 {[%clk
1:01:19]} e5 {[%clk 0:16:11]} 23. Rec1 {[%clk 0:59:12]} Nf8 {[%clk 0:15:11]}
24. b5 {[%clk 0:55:17]} axb5 {[%clk 0:12:14]} 25. Qxb5 {[%clk 0:55:07]} Bd7
{[%clk 0:12:17]} 26. Qb4 {[%clk 0:55:30]} Bc6 {[%clk 0:12:31]} 27. Rab1 {[%clk
0:55:04]} Ne6 {[%clk 0:10:50]} 28. Be4 {[%clk 0:49:57]} Nd4 {[%clk 0:08:03]}
29. Bxc6 {[%clk 0:50:11]} Nxc6 {[%clk 0:03:58]} 30. Qa4 {[%clk 0:49:19]} Rhe8
{[%clk 0:00:50]} 31. Rb6 {[%clk 0:46:26]} e4 {[%clk 0:00:41]} 32. Rcb1 {[%clk
0:44:44]} exf3 {[%clk 0:00:50]} 33. Rxb7+ {[%clk 0:42:44]} Qxb7 {[%clk
0:01:15]} 34. Rxb7+ {[%clk 0:43:11]} Kxb7 {[%clk 0:01:40]} 35. Qb5+ {[%clk
0:43:38]} Kc8 {[%clk 0:00:45]} 36. Qxc6+ {[%clk 0:44:04]} Kb8 {[%clk 0:01:13]}
37. Qxf3 {[%clk 0:42:44]} Re7 {[%clk 0:00:46]} 38. a4 {[%clk 0:41:00]} Rc7
{[%clk 0:00:38]} 39. Qf4 {[%clk 0:40:04]} Rd5 {[%clk 0:00:31]} 40. c6 {[%clk
0:39:19]} Kc8 {[%clk 0:00:34]} 41. Qc4 {[%clk 0:38:22]} Rd6 {[%clk 0:20:28]}
42. Qg8+ {[%clk 1:06:27]} Rd8 {[%clk 0:20:53]} 43. Qxh7 {[%clk 1:04:09]} Kb8
{[%clk 0:21:07]} 44. Qb1+ {[%clk 1:00:21]} Ka7 {[%clk 0:12:33]} 45. Qb4 {[%clk
0:57:01]} Rdc8 {[%clk 0:10:24]} 46. Qg4 {[%clk 0:57:07]} Kb6 {[%clk 0:10:15]}
47. h4 {[%clk 0:57:08]} Kxc6 {[%clk 0:10:20]} 48. h5 {[%clk 0:57:23]} Kb6
{[%clk 0:01:28]} 49. g3 {[%clk 0:55:08]} Ka5 {[%clk 0:01:14]} 50. Kg2 {[%clk
0:53:34]} Rb8 {[%clk 0:00:41]} 51. Qf5+ {[%clk 0:53:41]} Ka6 {[%clk 0:00:56]}
52. h6 {[%clk 0:53:45]} gxh6 {[%clk 0:01:13]} 53. Qxf6+ {[%clk 0:54:11]} Rb6
{[%clk 0:01:40]} 54. Qd4 {[%clk 0:54:29]} Rbc6 {[%clk 0:00:39]} 55. Qd5 {[%clk
0:53:21]} Rc5 {[%clk 0:00:34]} 56. Qd3+ {[%clk 0:53:44]} Rc4 {[%clk 0:00:40]}
57. a5 {[%clk 0:53:27]} R7c6 {[%clk 0:00:36]} 58. Qd8 {[%clk 0:53:19]} Ra4
{[%clk 0:00:33]} 59. Qa8+ {[%clk 0:52:10]} Kb5 {[%clk 0:01:02]} 60. Qb7+ {[%clk
0:52:24]} Kc5 {[%clk 0:01:26]} 61. Qe7+ {[%clk 0:51:02]} Kb5 {[%clk 0:01:47]}
62. Qe5+ {[%clk 0:51:19]} Ka6 {[%clk 0:01:11]} 63. Qd5 {[%clk 0:51:38]} Rac4
{[%clk 0:01:37]} 64. Qd2 {[%clk 0:35:58]} R4c5 {[%clk 0:01:09]} 65. g4 {[%clk
0:34:27]} Rxa5 {[%clk 0:01:02]} 66. Kg3 {[%clk 0:34:17]} Rb5 {[%clk 0:00:47]}
67. Qd3 {[%clk 0:32:28]} Ka5 {[%clk 0:00:34]} 68. Qa3+ {[%clk 0:32:52]} Kb6
{[%clk 0:01:03]} 69. f4 {[%clk 0:31:16]} Kc7 {[%clk 0:01:02]} 70. Qe7+ {[%clk
0:30:25]} Kc8 {[%clk 0:01:21]} 71. Qe8+ {[%clk 0:27:46]} Kc7 {[%clk 0:01:48]}
72. Qe7+ {[%clk 0:28:10]} 1/2-1/2

[Event "Deutsche Ländermeisterschaft 2017"]
[Site "Hannover GER"]
[Date "2017.10.03"]
[Round "6"]
[White "Kololli, Martin"]
[Black "Gschnitzer, Adrian"]
[Result "1/2-1/2"]
[Termination "normal"]
[Board "1.3"]
[WhiteElo "2299"]
[BlackElo "2351"]
[WhiteClock "00:39:24"]
[BlackClock "00:50:27"]
[WhiteTeam "Schleswig-Holstein"]
[BlackTeam "Baden 1"]
[PlyCount "58"]
[WhiteFideId "12936910"]
[BlackFideId "1270337"]
[EventCountry "GER"]
[EventRounds "7"]
[EventType "team-swiss"]
[EventDate "2017.09.29"]

1. e4 {[%clk 1:30:57]} c5 {[%clk 1:30:54]} 2. c3 {[%clk 1:31:24]} d5 {[%clk
1:31:18]} 3. exd5 {[%clk 1:31:49]} Qxd5 {[%clk 1:31:41]} 4. d4 {[%clk 1:32:15]}
Nf6 {[%clk 1:32:03]} 5. Nf3 {[%clk 1:32:35]} Bg4 {[%clk 1:32:24]} 6. Be2 {[%clk
1:32:58]} e6 {[%clk 1:32:46]} 7. O-O {[%clk 1:33:21]} Be7 {[%clk 1:33:10]} 8.
Be3 {[%clk 1:33:43]} cxd4 {[%clk 1:33:34]} 9. cxd4 {[%clk 1:34:09]} O-O {[%clk
1:33:52]} 10. Nc3 {[%clk 1:34:22]} Qd6 {[%clk 1:34:15]} 11. h3 {[%clk 1:32:52]}
Bh5 {[%clk 1:34:37]} 12. g4 {[%clk 1:29:31]} Bg6 {[%clk 1:34:37]} 13. Ne5
{[%clk 1:29:48]} Nc6 {[%clk 1:31:57]} 14. f4 {[%clk 1:25:53]} Nd5 {[%clk
1:24:56]} 15. Nxd5 {[%clk 1:24:04]} Qxd5 {[%clk 1:24:58]} 16. Nxg6 {[%clk
1:15:20]} hxg6 {[%clk 1:24:37]} 17. Bf3 {[%clk 1:15:23]} Qa5 {[%clk 1:21:28]}
18. d5 {[%clk 1:13:27]} Rad8 {[%clk 1:15:59]} 19. Qb3 {[%clk 1:11:37]} exd5
{[%clk 1:14:55]} 20. Qxb7 {[%clk 1:10:24]} Bc5 {[%clk 1:14:51]} 21. Bxc5 {[%clk
1:07:52]} Qxc5+ {[%clk 1:13:37]} 22. Kh1 {[%clk 1:07:55]} Na5 {[%clk 1:08:25]}
23. Qa6 {[%clk 1:02:28]} Nc4 {[%clk 1:08:19]} 24. Rac1 {[%clk 0:58:56]} Qd4
{[%clk 1:07:29]} 25. Rcd1 {[%clk 0:47:10]} Qxb2 {[%clk 1:07:22]} 26. Qxa7
{[%clk 0:45:53]} d4 {[%clk 1:04:20]} 27. Rb1 {[%clk 0:41:37]} Qd2 {[%clk
1:04:15]} 28. Rbd1 {[%clk 0:41:21]} Qb2 {[%clk 0:54:21]} 29. Rb1 {[%clk
0:39:24]} Qd2 {[%clk 0:50:27]} 1/2-1/2

[Event "Deutsche Ländermeisterschaft 2017"]
[Site "Hannover GER"]
[Date "2017.10.03"]
[Round "6"]
[White "Färber, David"]
[Black "Kopylov, Daniel"]
[Result "1/2-1/2"]
[Termination "normal"]
[Board "1.4"]
[WhiteElo "2247"]
[BlackElo "2243"]
[WhiteClock "00:31:20"]
[BlackClock "00:13:10"]
[WhiteTeam "Baden 1"]
[BlackTeam "Schleswig-Holstein"]
[PlyCount "49"]
[WhiteFideId "12971294"]
[BlackFideId "12921971"]
[EventCountry "GER"]
[EventRounds "7"]
[EventType "team-swiss"]
[EventDate "2017.09.29"]

1. e4 {[%clk 1:30:56]} c5 {[%clk 1:30:49]} 2. Nf3 {[%clk 1:31:18]} d6 {[%clk
1:31:12]} 3. d4 {[%clk 1:31:42]} cxd4 {[%clk 1:31:32]} 4. Nxd4 {[%clk 1:32:04]}
Nf6 {[%clk 1:31:57]} 5. Nc3 {[%clk 1:32:25]} Nc6 {[%clk 1:32:19]} 6. Bg5 {[%clk
1:32:36]} e6 {[%clk 1:32:22]} 7. Qd2 {[%clk 1:32:35]} Be7 {[%clk 1:32:43]} 8.
O-O-O {[%clk 1:32:21]} Nxd4 {[%clk 1:33:05]} 9. Qxd4 {[%clk 1:32:43]} O-O
{[%clk 1:33:28]} 10. f4 {[%clk 1:32:56]} Qa5 {[%clk 1:33:48]} 11. Be2 {[%clk
1:33:16]} Bd7 {[%clk 1:33:08]} 12. e5 {[%clk 1:33:24]} dxe5 13. fxe5 {[%clk
1:33:45]} Bc6 {[%clk 1:33:18]} 14. Bxf6 gxf6 {[%clk 1:32:52]} 15. Nd5 {[%clk
1:34:28]} Bxd5 {[%clk 1:21:32]} 16. exf6 {[%clk 1:33:46]} Bxf6 {[%clk 1:20:05]}
17. Qxf6 {[%clk 1:34:07]} Qd8 {[%clk 1:12:03]} 18. Qe5 {[%clk 1:22:28]} Qh4
{[%clk 1:00:48]} 19. Bf3 {[%clk 1:13:34]} f6 {[%clk 0:22:31]} 20. Qe3 {[%clk
1:10:40]} Bxf3 {[%clk 0:21:29]} 21. gxf3 {[%clk 0:55:03]} Kh8 {[%clk 0:15:01]}
22. Qxe6 {[%clk 0:50:14]} Qf4+ {[%clk 0:14:56]} 23. Kb1 {[%clk 0:50:35]} Qxf3
{[%clk 0:14:27]} 24. Rhf1 {[%clk 0:50:47]} Rae8 {[%clk 0:13:10]} 25. Qd7 {[%clk
0:31:20]} 1/2-1/2

[Event "Deutsche Ländermeisterschaft 2017"]
[Site "Hannover GER"]
[Date "2017.10.03"]
[Round "6"]
[White "Köhler, Inken"]
[Black "Trifan, Andrei Ioan"]
[Result "0-1"]
[Termination "normal"]
[Board "1.5"]
[WhiteElo "1893"]
[BlackElo "2197"]
[WhiteClock "00:00:37"]
[BlackClock "00:25:21"]
[WhiteTeam "Schleswig-Holstein"]
[BlackTeam "Baden 1"]
[PlyCount "68"]
[WhiteFideId "12929301"]
[BlackFideId "12967068"]
[EventCountry "GER"]
[EventRounds "7"]
[EventType "team-swiss"]
[EventDate "2017.09.29"]

1. c4 {[%clk 1:30:56]} Nf6 {[%clk 1:30:25]} 2. Nc3 {[%clk 1:30:51]} c5 {[%clk
1:29:46]} 3. e4 {[%clk 1:30:51]} Nc6 {[%clk 1:28:50]} 4. g3 {[%clk 1:30:21]} g6
{[%clk 1:27:08]} 5. Bg2 {[%clk 1:30:13]} Bg7 {[%clk 1:26:56]} 6. Nge2 {[%clk
1:30:16]} O-O {[%clk 1:24:35]} 7. d3 {[%clk 1:28:34]} a6 {[%clk 1:21:33]} 8.
O-O {[%clk 1:24:39]} d6 {[%clk 1:19:44]} 9. Rb1 {[%clk 1:13:41]} Rb8 {[%clk
1:16:34]} 10. f4 {[%clk 1:13:02]} Nd4 {[%clk 1:15:42]} 11. Nxd4 {[%clk
0:59:38]} cxd4 {[%clk 1:14:16]} 12. Nd5 {[%clk 0:59:46]} e6 {[%clk 1:09:47]}
13. Nxf6+ {[%clk 0:56:10]} Bxf6 {[%clk 1:10:00]} 14. Bd2 {[%clk 0:55:45]} b5
{[%clk 1:05:25]} 15. cxb5 {[%clk 0:51:19]} axb5 {[%clk 1:02:54]} 16. Bb4 {[%clk
0:50:53]} e5 {[%clk 1:00:36]} 17. Rc1 {[%clk 0:39:25]} Bb7 {[%clk 0:50:40]} 18.
Qd2 {[%clk 0:33:07]} Qd7 {[%clk 0:47:01]} 19. f5 {[%clk 0:23:20]} Qe7 {[%clk
0:43:20]} 20. Qe2 {[%clk 0:18:35]} Rfc8 {[%clk 0:38:39]} 21. fxg6 {[%clk
0:14:05]} hxg6 {[%clk 0:36:50]} 22. Bh3 {[%clk 0:10:53]} Rxc1 {[%clk 0:35:29]}
23. Rxc1 {[%clk 0:11:17]} Bg5 {[%clk 0:35:37]} 24. Bd2 {[%clk 0:03:40]} Bxd2
{[%clk 0:34:48]} 25. Qxd2 {[%clk 0:04:06]} d5 {[%clk 0:34:33]} 26. exd5 {[%clk
0:03:16]} Bxd5 {[%clk 0:33:30]} 27. b3 {[%clk 0:02:13]} Ra8 {[%clk 0:29:16]}
28. Bg2 {[%clk 0:02:13]} Qb7 {[%clk 0:29:07]} 29. Bxd5 {[%clk 0:01:32]} Qxd5
{[%clk 0:29:34]} 30. Qe2 {[%clk 0:01:18]} Re8 {[%clk 0:27:40]} 31. b4 {[%clk
0:00:51]} e4 {[%clk 0:25:50]} 32. Rc5 {[%clk 0:01:04]} Qd7 {[%clk 0:25:32]} 33.
dxe4 {[%clk 0:00:49]} d3 {[%clk 0:25:27]} 34. Qg2 {[%clk 0:00:37]} d2 {[%clk
0:25:21]} 0-1

[Event "Deutsche Ländermeisterschaft 2017"]
[Site "Hannover GER"]
[Date "2017.10.03"]
[Round "6"]
[White "Mütsch, Annmarie"]
[Black "Glinzner, Alva"]
[Result "1-0"]
[Termination "normal"]
[Board "1.6"]
[WhiteElo "2137"]
[BlackElo "1766"]
[WhiteClock "00:07:53"]
[BlackClock "00:06:21"]
[WhiteTeam "Baden 1"]
[BlackTeam "Schleswig-Holstein"]
[PlyCount "125"]
[WhiteFideId "12971367"]
[BlackFideId "16206169"]
[EventCountry "GER"]
[EventRounds "7"]
[EventType "team-swiss"]
[EventDate "2017.09.29"]

1. e4 {[%clk 1:30:58]} c6 {[%clk 1:30:54]} 2. d4 {[%clk 1:31:22]} d5 {[%clk
1:31:21]} 3. Nc3 {[%clk 1:31:48]} dxe4 {[%clk 1:31:47]} 4. Nxe4 {[%clk
1:32:13]} Bf5 {[%clk 1:32:13]} 5. Ng3 {[%clk 1:32:38]} Bg6 {[%clk 1:32:39]} 6.
h4 {[%clk 1:33:03]} h6 {[%clk 1:33:04]} 7. Nf3 {[%clk 1:33:29]} Nd7 {[%clk
1:33:31]} 8. h5 {[%clk 1:33:55]} Bh7 {[%clk 1:33:56]} 9. Bd3 {[%clk 1:34:21]}
Bxd3 {[%clk 1:34:21]} 10. Qxd3 {[%clk 1:34:47]} e6 {[%clk 1:34:45]} 11. Bd2
{[%clk 1:35:12]} Ngf6 {[%clk 1:35:04]} 12. O-O-O {[%clk 1:34:48]} Be7 {[%clk
1:35:02]} 13. Qe2 {[%clk 1:34:38]} Qb6 {[%clk 1:33:55]} 14. c4 {[%clk 1:30:16]}
a5 {[%clk 1:28:50]} 15. Bf4 {[%clk 1:22:56]} Qa6 {[%clk 1:18:56]} 16. Ne5
{[%clk 1:18:22]} Bd6 {[%clk 1:10:55]} 17. Kb1 {[%clk 1:14:43]} Be7 {[%clk
1:05:15]} 18. Nxd7 {[%clk 1:10:25]} Nxd7 {[%clk 1:05:20]} 19. d5 {[%clk
0:54:28]} cxd5 {[%clk 1:04:42]} 20. cxd5 {[%clk 0:54:47]} Qxe2 {[%clk 1:03:08]}
21. Nxe2 {[%clk 0:55:07]} exd5 {[%clk 1:02:58]} 22. Rxd5 {[%clk 0:54:08]} Nc5
{[%clk 0:58:21]} 23. Rc1 {[%clk 0:42:22]} Ne6 {[%clk 0:55:34]} 24. Be3 {[%clk
0:40:04]} O-O {[%clk 0:53:30]} 25. Rd7 {[%clk 0:38:25]} Bf6 {[%clk 0:52:15]}
26. Rxb7 {[%clk 0:37:52]} Rfb8 {[%clk 0:48:46]} 27. Rxb8+ {[%clk 0:37:27]} Rxb8
{[%clk 0:49:15]} 28. Nc3 {[%clk 0:32:10]} Be5 {[%clk 0:43:26]} 29. Kc2 {[%clk
0:25:27]} Rc8 {[%clk 0:36:44]} 30. g3 {[%clk 0:19:46]} Rb8 {[%clk 0:33:25]} 31.
Rd1 {[%clk 0:18:59]} Nc7 {[%clk 0:23:43]} 32. Bd4 {[%clk 0:15:25]} Bxd4 {[%clk
0:22:09]} 33. Rxd4 {[%clk 0:15:40]} Na6 {[%clk 0:16:41]} 34. a3 {[%clk
0:14:52]} Nc5 {[%clk 0:15:31]} 35. b4 {[%clk 0:06:38]} axb4 {[%clk 0:12:36]}
36. axb4 {[%clk 0:06:54]} Ne6 {[%clk 0:11:57]} 37. Rc4 {[%clk 0:06:38]} Kf8
{[%clk 0:11:32]} 38. b5 {[%clk 0:04:32]} Ke8 {[%clk 0:11:08]} 39. Kb3 {[%clk
0:04:09]} Kd7 {[%clk 0:11:03]} 40. Kb4 {[%clk 0:03:53]} Nc7 {[%clk 0:07:48]}
41. Ka5 {[%clk 0:00:49]} Ra8+ {[%clk 0:05:56]} 42. Kb6 {[%clk 0:28:38]} Rb8+
{[%clk 0:36:05]} 43. Ka7 {[%clk 0:28:19]} Kc8 {[%clk 0:34:43]} 44. Rxc7+ {[%clk
0:27:01]} Kxc7 {[%clk 0:35:08]} 45. Nd5+ {[%clk 0:27:04]} Kc8 {[%clk 0:35:10]}
46. Ne7+ {[%clk 0:27:16]} Kc7 {[%clk 0:35:14]} 47. b6+ {[%clk 0:25:19]} Rxb6
{[%clk 0:35:32]} 48. Nd5+ {[%clk 0:25:46]} Kd6 {[%clk 0:35:47]} 49. Nxb6 {[%clk
0:26:09]} Ke6 {[%clk 0:36:11]} 50. Kb7 {[%clk 0:20:05]} Kf5 {[%clk 0:35:42]}
51. Kc6 {[%clk 0:19:50]} Kg5 {[%clk 0:35:12]} 52. Kd6 {[%clk 0:15:18]} Kxh5
{[%clk 0:35:12]} 53. f3 {[%clk 0:13:13]} g5 {[%clk 0:23:05]} 54. Nd5 {[%clk
0:07:29]} Kg6 {[%clk 0:22:52]} 55. Ke5 {[%clk 0:06:57]} h5 {[%clk 0:19:37]} 56.
Ne7+ {[%clk 0:07:06]} Kg7 {[%clk 0:13:18]} 57. Kf5 {[%clk 0:06:46]} h4 {[%clk
0:06:06]} 58. gxh4 {[%clk 0:06:58]} gxh4 {[%clk 0:06:33]} 59. Kg4 {[%clk
0:07:11]} h3 {[%clk 0:06:48]} 60. Kxh3 {[%clk 0:07:36]} Kf6 {[%clk 0:07:16]}
61. Nc6 {[%clk 0:07:32]} Kf5 {[%clk 0:07:24]} 62. Kg3 {[%clk 0:07:49]} f6
{[%clk 0:06:21]} 63. f4 {[%clk 0:07:53]} *

[Event "Deutsche Ländermeisterschaft 2017"]
[Site "Hannover GER"]
[Date "2017.10.03"]
[Round "6"]
[White "Farokhi, Keyvan"]
[Black "Ziegenfuß, Antonia"]
[Result "1/2-1/2"]
[Termination "normal"]
[Board "1.7"]
[WhiteElo "1781"]
[BlackElo "1956"]
[WhiteClock "00:13:45"]
[BlackClock "00:02:57"]
[WhiteTeam "Schleswig-Holstein"]
[BlackTeam "Baden 1"]
[PlyCount "116"]
[WhiteFideId "12998630"]
[BlackFideId "12962554"]
[EventCountry "GER"]
[EventRounds "7"]
[EventType "team-swiss"]
[EventDate "2017.09.29"]

1. c4 {[%clk 1:30:56]} c5 {[%clk 1:30:54]} 2. Nc3 {[%clk 1:31:12]} Nf6 {[%clk
1:31:21]} 3. g3 {[%clk 1:31:30]} d5 {[%clk 1:31:44]} 4. cxd5 {[%clk 1:31:54]}
Nxd5 {[%clk 1:32:08]} 5. Bg2 {[%clk 1:32:07]} Nc7 {[%clk 1:32:29]} 6. d3 {[%clk
1:32:15]} e5 {[%clk 1:32:41]} 7. Nf3 {[%clk 1:31:55]} Nc6 {[%clk 1:32:38]} 8.
O-O {[%clk 1:31:35]} Be7 {[%clk 1:32:50]} 9. Be3 {[%clk 1:30:44]} Be6 {[%clk
1:30:33]} 10. a4 {[%clk 1:27:25]} O-O {[%clk 1:27:57]} 11. a5 {[%clk 1:26:15]}
f6 {[%clk 1:24:34]} 12. Qa4 {[%clk 1:14:45]} Qd7 {[%clk 1:21:44]} 13. Nd2
{[%clk 1:10:43]} Rac8 {[%clk 1:12:15]} 14. Bxc6 {[%clk 1:03:45]} bxc6 {[%clk
1:07:39]} 15. Nce4 {[%clk 0:57:26]} Na6 {[%clk 0:49:25]} 16. Rfc1 {[%clk
0:52:48]} Rb8 {[%clk 0:42:20]} 17. Qc2 {[%clk 0:41:35]} Rb5 {[%clk 0:36:44]}
18. Nc4 {[%clk 0:32:05]} Rfb8 {[%clk 0:28:02]} 19. f4 {[%clk 0:27:22]} Nb4
{[%clk 0:19:30]} 20. Qd2 {[%clk 0:24:04]} Nd5 {[%clk 0:11:19]} 21. fxe5 {[%clk
0:19:17]} Nxe3 {[%clk 0:09:39]} 22. Qxe3 {[%clk 0:19:30]} f5 {[%clk 0:08:38]}
23. Ned6 {[%clk 0:18:00]} Bxd6 {[%clk 0:06:44]} 24. exd6 {[%clk 0:15:58]} Bxc4
{[%clk 0:05:41]} 25. dxc4 {[%clk 0:14:36]} Rxb2 {[%clk 0:05:37]} 26. Qxc5
{[%clk 0:14:16]} Rxe2 {[%clk 0:05:17]} 27. Re1 {[%clk 0:09:23]} Rbe8 {[%clk
0:03:54]} 28. Rxe2 {[%clk 0:06:59]} Rxe2 {[%clk 0:04:22]} 29. Qd4 {[%clk
0:06:02]} Re4 {[%clk 0:01:04]} 30. Qd3 {[%clk 0:05:04]} Re5 {[%clk 0:00:47]}
31. a6 {[%clk 0:04:18]} Kf7 {[%clk 0:00:50]} 32. Rb1 {[%clk 0:02:46]} Ke6
{[%clk 0:00:57]} 33. c5 {[%clk 0:03:04]} Rxc5 {[%clk 0:00:50]} 34. Re1+ {[%clk
0:03:19]} Re5 {[%clk 0:01:04]} 35. Qc4+ {[%clk 0:02:09]} Kxd6 {[%clk 0:00:48]}
36. Qb4+ {[%clk 0:02:02]} Ke6 {[%clk 0:01:02]} 37. Rxe5+ {[%clk 0:01:33]} Kxe5
{[%clk 0:01:27]} 38. Qb7 {[%clk 0:01:24]} Qd4+ {[%clk 0:01:38]} 39. Kg2 {[%clk
0:01:16]} Kd5 {[%clk 0:01:42]} 40. Qd7+ {[%clk 0:01:24]} Kc4 {[%clk 0:01:21]}
41. Qxc6+ {[%clk 0:01:36]} Kd3 {[%clk 0:27:09]} 42. Qf3+ {[%clk 0:29:34]} Qe3
{[%clk 0:25:38]} 43. Qd5+ {[%clk 0:29:27]} Qd4 {[%clk 0:25:17]} 44. Qf3+ {[%clk
0:29:44]} Kc4 {[%clk 0:25:14]} 45. Qc6+ {[%clk 0:29:33]} Qc5 {[%clk 0:24:58]}
46. Qa4+ {[%clk 0:29:14]} Kd3 {[%clk 0:21:46]} 47. Qd7+ {[%clk 0:24:35]} Qd4
{[%clk 0:22:03]} 48. Qb5+ {[%clk 0:24:28]} Ke3 {[%clk 0:22:03]} 49. Qf1 {[%clk
0:19:52]} Qe4+ {[%clk 0:14:44]} 50. Kg1 {[%clk 0:18:01]} Kd4 {[%clk 0:13:07]}
51. Qa1+ {[%clk 0:17:12]} Kd5 {[%clk 0:12:57]} 52. Qa5+ {[%clk 0:16:05]} Ke6
{[%clk 0:12:16]} 53. Qa2+ {[%clk 0:14:15]} Kd6 {[%clk 0:11:30]} 54. Qf2 {[%clk
0:12:50]} Qb1+ {[%clk 0:06:47]} 55. Kg2 {[%clk 0:13:12]} Qe4+ {[%clk 0:05:24]}
56. Kg1 {[%clk 0:13:36]} Qb1+ {[%clk 0:05:44]} 57. Kg2 {[%clk 0:14:00]} Qe4+
{[%clk 0:02:57]} 58. Kg1 {[%clk 0:13:45]} Qb1+ 1/2-1/2